00411nam a2200169Ia 450000500170000000800410001702000140005808200130007210000120008524500300009725000080012726000300013530000130016565000190017865000140019765000300021120250124054343.0240331s9999 xx 000 0 und d a041506625 bBOYa911 aBoyd, A 3aAn atlas of world affairs a9th aNew YorkbRoutledgec1991 a240 p ., aWorld Politics a1945 Maps aHistorical Geography Maps